000
00301 a2200157 4500
001
59022
020
_a
040
_c
Anchieta - Pituba
100
_a
Mocellin, Renato
240
1
0
_a
Federalista
_l
por
245
1
0
_a
Federalista
300
_a
39
362
0
_a
1989
650
4
_a
Brasil
942
_c
BK
999
_c
59022
_d
59022